[Event "Doeberl Cup Premier"]
[Site "Canberra AUS"]
[Date "2011.04.22"]
[Round "4.6"]
[White "Akshat,Kh"]
[Black "Stojic,D"]
[Result "1-0"]
[WhiteElo "2328"]
[BlackElo "2306"]

1.d4 Nf6 2.Bg5 c5 3.d5 Ne4 4.Bf4 Qb6 5.Nd2 Nf6 6.e4 Qxb2 7.Ngf3 Qc3 8.Bd3 c4
9.Be5 Qa5 10.Bxc4 Nxe4 11.O-O Nxd2 12.Nxd2 d6 13.Bb2 Nd7 14.Re1 Ne5 15.Bxe5 dxe5
16.Rxe5 e6 17.Nb3 Qb4 18.Re4 f5 19.a3 Qd6 20.Bb5+ Kf7 21.Re3 Qxd5 22.Qe2 a6
23.Bc4 Qd8 24.Rxe6  1-0

[Event "15th Neckar Open"]
[Site "Deizisau GER"]
[Date "2011.04.22"]
[Round "2"]
[White "Yemelin,V"]
[Black "Mueer,S"]
[Result "1-0"]
[WhiteElo "2575"]
[BlackElo "2238"]

1.d4 Nf6 2.Bg5 c5 3.d5 Qb6 4.Nc3 Qxb2 5.Bd2 Qb6 6.e4 d6 7.f4 e6 8.Bb5+ Bd7
9.Bc4 exd5 10.Rb1 Qc7 11.Nxd5 Nxd5 12.Bxd5 Bc6 13.Bc3 Nd7 14.Ne2 O-O-O 15.O-O Bxd5
16.Qxd5 Qc6 17.Qxf7 Qxe4 18.Ba5 b6 19.Nc3 Qa8 20.Nd5 bxa5 21.Rb2 Qc6 22.c4 Nb6
23.Qxa7  1-0

[Event "ch-BLR Junior"]
[Site "Minsk BLR"]
[Date "2011.04.22"]
[Round "8"]
[White "Harshkou,M"]
[Black "Kovalev,Vl"]
[Result "0-1"]
[WhiteElo "2232"]
[BlackElo "2381"]

1.d4 Nf6 2.Bg5 c5 3.Bxf6 gxf6 4.dxc5 Qa5+ 5.c3 Qxc5 6.Nd2 f5 7.g3 e6 8.Bg2 d5
9.e3 Nd7 10.Ne2 Bg7 11.O-O O-O 12.Nf4 Nf6 13.Rc1 Rd8 14.c4 dxc4 15.Rxc4 Qb6
16.Qc2 e5 17.Nd5 Nxd5 18.Bxd5 e4 19.Nb3 Be6 20.Bxe6 fxe6 21.Rd1 Rxd1+ 22.Qxd1 Rd8
23.Qc2 Qd6 24.Rc8 Qd7 25.Rxd8+ Qxd8 26.Kg2 Kf7 27.Nc1 Be5 28.Ne2 Qd3 29.Qc5 Bd6
30.Qd4 e5 31.Qxd3 exd3 32.Nc3 e4 33.Nd1 Ke6 34.Kh3 Kf6 35.Kg2 Bb4 36.f3 Ke5
37.f4+ Kf6 38.Kh3 h5 39.Kh4 Kg6 40.Kh3 a5 41.Kh4 a4 42.Kh3 Bc5 43.Kh4 Be7+
44.Kh3 Bf6 45.Kg2 Kf7 46.Kf2 Ke6 47.Kg2 b5 48.h3 Be7 49.Kf2 Bb4 50.Kf1 Kd5
51.Kf2 Kc4 52.g4 fxg4 53.hxg4 hxg4 54.Kg3 d2 55.Nf2 Bc5 56.Kxg4 Bxe3 57.Nd1 Bd4
58.f5 Kd3  0-1

[Event "Lenk Open"]
[Site "Lenk SUI"]
[Date "2011.04.24"]
[Round "6"]
[White "Curien,N"]
[Black "Paladini,JM"]
[Result "1-0"]
[WhiteElo "2194"]
[BlackElo "2053"]

1.d4 Nf6 2.Bg5 d5 3.e3 g6 4.Bxf6 exf6 5.Ne2 c6 6.Nf4 Bd6 7.g3 Nd7 8.Bg2 f5
9.O-O O-O 10.b3 Nf6 11.c4 dxc4 12.bxc4 Re8 13.c5 Bf8 14.Nd2 Ne4 15.Nc4 Ng5
16.Rb1 Ne6 17.Nd3 g5 18.Nde5 Qc7 19.Qh5 Bg7 20.Nd6 Rf8 21.f4 gxf4 22.gxf4 Nd8
23.Nxc8 Qxc8 24.Bh3 Qe6 25.Bxf5 Qh6 26.Qxh6 Bxh6 27.Nd7  1-0

[Event "ch-FRA u18b"]
[Site "Montlucon FRA"]
[Date "2011.04.24"]
[Round "9.5"]
[White "Pluyaud,B"]
[Black "Ollier,M"]
[Result "0-1"]
[WhiteElo "2007"]
[BlackElo "2138"]

1.d4 Nf6 2.Bg5 g6 3.Bxf6 exf6 4.e3 d5 5.c4 Bg7 6.Nc3 dxc4 7.Bxc4 O-O 8.Nf3 f5
9.O-O Qf6 10.Rc1 c6 11.Bb3 Rd8 12.e4 Be6 13.Re1 Nd7 14.Bxe6 Qxe6 15.d5 cxd5
16.e5 Nxe5 17.Ng5 Qf6 18.Nf3 Nxf3+ 19.Qxf3 Qd6 20.Nxd5 Qxd5 21.Re8+ Bf8 22.Qxd5 Rxd5
23.Rxa8 a6 24.g4 Kg7 25.Rcc8 Be7 26.Rc7 Bd6 27.Rxb7 fxg4 28.Rxa6 h5 29.Kg2 Bf4
30.Raa7 Rf5 31.a4 Bd2 32.b4 Be1 33.a5 Rxf2+ 34.Kg1 Rb2 35.Rxf7+ Kh6 36.b5 Rxb5
37.a6 Bc3 38.Rab7 Bd4+ 39.Kf1 Ra5 40.a7 Ra2 41.Rbd7 Be3 42.Rfe7 Bb6 43.Rb7 Bd4
44.Ke1 Kg5 45.Rbd7 Bb6 46.Rb7 Bd4 47.Red7 Be3 48.Rdc7 h4 49.Rb5+ Kh6 50.Rc4 Bxa7
51.Rxg4 Rxh2 52.Rbg5 Be3 53.Rxg6+ Kh5 54.Rg8 h3 55.R4g7 Bh6  0-1

[Event "17th Asian Cities"]
[Site "Jakarta INA"]
[Date "2011.04.25"]
[Round "5.10"]
[White "Tan,Tze Lin Tommy"]
[Black "Saud,M"]
[Result "0-1"]
[WhiteElo "1704"]
[BlackElo "2087"]

1.d4 Nf6 2.Bg5 d5 3.Bxf6 gxf6 4.e3 Be6 5.Nd2 c6 6.c4 Nd7 7.Ngf3 dxc4 8.Bxc4 Bxc4
9.Nxc4 Nb6 10.Nxb6 Qxb6 11.Qc2 Qa6 12.Qe2 Qxe2+ 13.Kxe2 e6 14.Rac1 Be7 15.Rhd1 f5
16.Rc3 Bd6 17.g3 Ke7 18.Rdc1 f6 19.Rb3 Rab8 20.Nd2 Kd7 21.Nc4 Rhc8 22.Nxd6 Kxd6
23.Rbc3 b6 24.Rd3 Rc7 25.Rb1 a5 26.b3 Rbc8 27.Kd2 h5 28.h4 Ke7 29.Rc1 Kd6
30.Rc2 Ke7 31.Rc1 Rd7 32.Ke2 Rd6 33.Rc2 Rd5 34.a3 c5 35.b4 c4 36.Rdc3 axb4
37.axb4 b5 38.Ra2 e5 39.dxe5 fxe5 40.Ra7+ Kf6 41.Rh7 Kg6 42.Rb7 Ra8 43.Rb6+ Kg7
44.Rb7+ Kg8 45.Rb6 e4 46.Rh6 Ra2+ 47.Kf1 Rdd2 48.Rxh5 Rxf2+ 49.Ke1 Rh2 50.Rg5+ Kh7
51.Rh5+ Kg6 52.Rg5+ Kf6  0-1

[Event "ch-RUS Rapid"]
[Site "Olginka RUS"]
[Date "2011.04.25"]
[Round "6"]
[White "Vitiugov,N"]
[Black "Tregubov,P"]
[Result "1-0"]
[WhiteElo "2720"]
[BlackElo "2598"]

1.d4 Nf6 2.Bg5 d5 3.e3 c6 4.Bd3 g6 5.Nd2 Bg7 6.Ne2 O-O 7.O-O Nbd7 8.c4 e5
9.cxd5 cxd5 10.Nc3 e4 11.Bb5 h6 12.Bh4 Nb6 13.f3 a6 14.Be2 exf3 15.Bxf3 Bf5
16.Qb3 g5 17.Bg3 Bd3 18.Rfe1 Re8 19.Be5 Bc4 20.Nxc4 dxc4 21.Qc2 Nfd5 22.Nxd5 Nxd5
23.Qxc4 Nb6 24.Qb3 Bxe5 25.dxe5 Rxe5 26.Bh5 Nd5 27.Rf1 f5 28.Qxb7 Nxe3 29.Rfc1 Re7
30.Qc6 Qd5 31.Qxd5+ Nxd5 32.Bf3 Rd8 33.Rc5 Ne3 34.Re1 g4 35.Rc3 f4 36.Bc6 Rd6
37.g3 Nf5 38.Rxe7 Nxe7 39.Be4 f3 40.Rd3 Re6 41.Rd4 Kg7 42.h3 h5 43.hxg4 hxg4
44.Bd3 Nc6 45.Rxg4+ Kh6 46.Bxa6 Rd6 47.Rf4 Ne5 48.Bf1 Kg5 49.a4 Rd2 50.b4 Ra2
51.b5 Ra3 52.b6 Ng4 53.b7 Rb3 54.Rxf3 Rxb7 55.a5 Rb1 56.Ra3 Ne5 57.a6  1-0

[Event "TCh-HUN 2010-11"]
[Site "Budapest HUN"]
[Date "2011.05.01"]
[Round "10"]
[White "Kiss,Laj"]
[Black "Magyar,O"]
[Result "0-1"]
[WhiteElo "2178"]
[BlackElo "2248"]

1.d4 Nf6 2.Bg5 d5 3.Nc3 c5 4.Bxf6 gxf6 5.e3 e6 6.Qh5 cxd4 7.exd4 Nc6 8.O-O-O Bd7
9.f4 f5 10.g4 fxg4 11.f5 Qf6 12.Qxg4 O-O-O 13.Nge2 Rg8 14.Qf3 Ne7 15.Ng3 exf5
16.Nb5 Qb6 17.Nc3 f4 18.Nge2 Bg4 19.Qf2 f3 20.Ng3 Nc6 21.h3 Be6 22.Qxf3 Nxd4
23.Qd3 Nc6 24.a3 Ne5 25.Qe2 Nc4 26.Na4 Qc6  0-1

[Event "Sten Open"]
[Site "Hradec Kralove CZE"]
[Date "2011.05.08"]
[Round "1"]
[White "Piankov,E"]
[Black "Prachar,J"]
[Result "1-0"]
[WhiteElo "2350"]
[BlackElo "1875"]

1.d4 d5 2.Bg5 Nf6 3.Bxf6 exf6 4.g3 Bf5 5.Bg2 Qd7 6.e3 c6 7.Ne2 Bd6 8.O-O Bh3
9.Nd2 Bxg2 10.Kxg2 O-O 11.Kg1 Qe6 12.c3 Nd7 13.Qb3 b5 14.Qc2 f5 15.b3 g6
16.c4 Rfc8 17.Rfc1 Nf6 18.a4 Ne4 19.c5 Bc7 20.axb5 cxb5 21.b4 Nxd2 22.Qxd2 Qc6
23.Ra3 Re8 24.Rca1 a6 25.Qa2 Re6 26.Nc3  1-0

[Event "7th Mukachevo Rating"]
[Site "Mukachevo UKR"]
[Date "2011.05.08"]
[Round "6"]
[White "Barayev,A"]
[Black "Tiba,V"]
[Result "1/2-1/2"]
[WhiteElo "2179"]
[BlackElo "2164"]

1.d4 Nf6 2.Bg5 c5 3.Bxf6 gxf6 4.d5 Qb6 5.Qc1 f5 6.g3 Bg7 7.c3 d6 8.Nh3 Nd7
9.Bg2 Nf6 10.Na3 Bd7 11.Qc2 Qc7 12.Nc4 O-O 13.O-O e5 14.Ne3 Qc8 15.f4 e4
16.Nf2 b5 17.Qd2 Re8 18.Nfd1 Rb8 19.Rc1 Ng4 20.Nxg4 fxg4 21.f5 Bxf5 22.Qf4 Bg6
23.Ne3 Re5 24.Nxg4 Rf5 25.Nh6+  1/2-1/2

[Event "ch-Euro Indiv Women"]
[Site "Tbilisi GEO"]
[Date "2011.05.08"]
[Round "2"]
[White "Hoang Thanh Trang"]
[Black "Umudova,N"]
[Result "1-0"]
[WhiteElo "2456"]
[BlackElo "2230"]

1.d4 Nf6 2.Bg5 g6 3.Bxf6 exf6 4.e3 d5 5.c4 dxc4 6.Bxc4 Bd6 7.Nc3 c6 8.h4 h5
9.Qc2 f5 10.Nf3 O-O 11.O-O-O Nd7 12.Kb1 Nf6 13.Ng5 b5 14.Bd3 Re8 15.Qb3 Re7
16.f3 Bc7 17.e4 fxe4 18.fxe4 Bg4 19.e5 Bxd1 20.Rxd1 Nd5 21.Be4 Nxc3+ 22.bxc3 Qd7
23.Bxg6 Qd5 24.Bxh5 Qxb3+ 25.axb3 Ba5 26.b4 Bb6 27.Rf1 a5 28.Bxf7+ Kg7 29.Ne6+ Kh7
30.Rf5 Rxe6 31.Bxe6 axb4 32.cxb4 Bxd4 33.Bd7 Ra3 34.Bxc6 Rb3+ 35.Ka2 Rxb4
36.Rf7+ Kg6 37.e6 Rb2+ 38.Ka3 Re2 39.Bd5 Bc5+ 40.Kb3 Re5 41.Rd7 Kh5 42.Bf3+ Kg6
43.Rd5 Kf6 44.Rxe5 Kxe5 45.Bg4 Bf8 46.h5 Kf6 47.Kc3 Be7 48.Kd4 b4 49.Kd5 b3
50.Bd1 b2 51.Bc2 Bf8 52.g4 Kg5 53.Kc6 Kf6 54.Kd7 Bc5 55.h6 Bb4 56.g5+  1-0

[Event "41st Bosna Open"]
[Site "Sarajevo BIH"]
[Date "2011.05.09"]
[Round "6.7"]
[White "Perunovic,Mil"]
[Black "Lenic,L"]
[Result "0-1"]
[WhiteElo "2578"]
[BlackElo "2637"]

1.d4 Nf6 2.Bg5 d5 3.e3 e6 4.Nd2 c5 5.c3 Be7 6.Bd3 b6 7.Ngf3 O-O 8.Qe2 a5
9.Ne5 Nfd7 10.Bxe7 Qxe7 11.Nxd7 Nxd7 12.f4 Nf6 13.O-O Bb7 14.Rf3 Ne4 15.Rh3 f6
16.Nxe4 dxe4 17.Bc4 g6 18.Rg3 f5 19.h4 cxd4 20.exd4 b5 21.Bxb5 Qxh4 22.Qf2 Qf6
23.c4 Kh8 24.c5 Bd5 25.Rc1 Ra7 26.a3 Rb8 27.a4 h6 28.c6 Rc7 29.Rh3 Kh7 30.Qd2 Rg8
31.Qxa5 Rgg7 32.Qd2 g5 33.Rh2 gxf4 34.Qxf4 Qxd4+ 35.Kh1 Qf6 36.Rc3 e5 37.Qd2 Bxc6
38.Qc1 Rg6 39.a5 f4 40.a6 f3 41.a7 fxg2+ 42.Rxg2 Rxg2 43.Rxc6 Qh4+ 44.Kxg2 Rg7+
45.Kf1 Rf7+ 46.Kg1 Qg3+ 47.Kh1 Qh3+ 48.Kg1 Rg7+ 49.Kf2 Rg2+ 50.Ke1 Qg3+  0-1

[Event "46th Capablanca Memorial Open B"]
[Site "Havana CUB"]
[Date "2011.05.11"]
[Round "1.40"]
[White "Mercantete,E"]
[Black "Rodriguez Caballero,M"]
[Result "1-0"]
[WhiteElo "2101"]
[BlackElo "2034"]

1.d4 Nf6 2.Bg5 d5 3.e3 Bf5 4.Nf3 h6 5.Bf4 e6 6.Be2 Nc6 7.O-O Be7 8.c4 Ne4
9.h3 Qd7 10.a3 g5 11.Ne5 Nxe5 12.Bxe5 Bf6 13.f3 Bxe5 14.fxe4 Bxe4 15.dxe5 O-O-O
16.Nc3 Bf5 17.cxd5 exd5 18.Rxf5  1-0

[Event "46th Capablanca Memorial Open B"]
[Site "Havana CUB"]
[Date "2011.05.13"]
[Round "3.21"]
[White "Mercantete,E"]
[Black "Hernandez Gonzalez,W"]
[Result "0-1"]
[WhiteElo "2101"]
[BlackElo "2206"]

1.d4 Nf6 2.Bg5 g6 3.Nd2 Bg7 4.e4 O-O 5.Bd3 d6 6.h3 Nbd7 7.Ngf3 b6 8.O-O Bb7
9.Re1 e5 10.c3 Qe7 11.Qc2 Rad8 12.Rad1 a6 13.Nf1 Rfe8 14.Ng3 c5 15.d5 Rc8
16.c4 b5 17.b3 b4 18.Qd2 Qf8 19.Nh2 h6 20.Be3 Ra8 21.Rf1 a5 22.a4 bxa3 23.Ra1 a4
24.Rxa3 axb3 25.Rxb3 Reb8 26.f4 exf4 27.Bxf4 Ba6 28.Rfb1 g5 29.Be3 Ne5 30.Qc2 Rxb3
31.Rxb3 Bc8 32.Bf1 Ra1 33.Bc1 Bd7 34.Qb2 Ra8 35.Qe2 Ra4 36.Rc3 Qb8 37.Qb2 Rb4
38.Qa2 Kh7 39.Nf3 Ng6 40.Ra3 Qc7 41.Ra8 Bc8 42.Bd3 Rb8 43.Ra7 Rb7 44.Ra8 Nd7
45.Nf5 Nde5 46.Bf1 Bxf5 47.exf5 Nxf3+ 48.gxf3 Bd4+ 49.Kh1 Ne5 50.f4 gxf4
51.Qg2 Rb8 52.Rxb8 Qxb8 53.Qe4 Qg8 54.Qg2 Qg5 55.Qxg5 hxg5  0-1

[Event "TCh-HUN 2010-11"]
[Site "Paks HUN"]
[Date "2011.05.15"]
[Round "11"]
[White "Istvanovszki,M"]
[Black "Toth,Li"]
[Result "1-0"]
[WhiteElo "2282"]
[BlackElo "2225"]

1.d4 Nf6 2.Bg5 d5 3.Bxf6 exf6 4.e3 g6 5.g3 Bg7 6.Bg2 O-O 7.Ne2 c6 8.Nd2 f5
9.O-O Nd7 10.c4 Nf6 11.b4 dxc4 12.Nxc4 g5 13.Qd3 Re8 14.Rab1 Be6 15.Rfc1 Bxc4
16.Rxc4 Ne4 17.Rc2 a6 18.g4 Qf6 19.gxf5 Qxf5 20.Bxe4 Qxe4 21.Qxe4 Rxe4 22.Ng3 Re6
23.Kg2 Rd8 24.Rc5 h6 25.a4 Bf8 26.Rf5 Kg7 27.Kf3 Kg6 28.Ra5 h5 29.h3 Bd6
30.Kg2 h4 31.Ne2 Bc7 32.Rc5 f5 33.Kf3 Kf6 34.Nc3 Bd6 35.Rc4 Bb8 36.b5 axb5
37.axb5 Rg8 38.bxc6 g4+ 39.Kg2 bxc6 40.Rb6 gxh3+ 41.Kxh3 f4 42.Rcxc6 Rxc6
43.Rxc6+ Kf7 44.Kxh4 Rg2 45.Ne4 Ke7 46.Rb6 Bc7 47.Rb7 Kd8 48.d5 fxe3 49.fxe3 Bh2
50.Nc5 Re2 51.e4 Ke8 52.Rb6 Bg1 53.Re6+ Kd8 54.Nd3  1-0

[Event "Serbian Cup 2011"]
[Site "Valjevo SRB"]
[Date "2011.05.16"]
[Round "1.7"]
[White "Tatisic,M"]
[Black "Petrov,G MKD"]
[Result "1/2-1/2"]
[WhiteElo "2214"]
[BlackElo "2290"]

1.d4 Nf6 2.Bg5 d5 3.Bxf6 gxf6 4.e3 c6 5.Bd3 Qb6 6.b3 Na6 7.c3 e6 8.b4 Nc7
9.Nd2 a5 10.a3 Nb5 11.Ne2 Nd6 12.Nb3  1/2-1/2

[Event "CUCA Open"]
[Site "Luanda ANG"]
[Date "2011.05.17"]
[Round "1"]
[White "Fernandes,Ant"]
[Black "Mamombe,K"]
[Result "1/2-1/2"]
[WhiteElo "2404"]
[BlackElo "2089"]

1.d4 d5 2.Bg5 Nf6 3.Bxf6 exf6 4.c4 dxc4 5.Qa4+ c6 6.Qxc4 Qa5+ 7.Nc3 Be6 8.Qd3 Bb4
9.e3 Nd7 10.Ne2 Nb6 11.a3 O-O 12.Rc1 Bd6 13.g3 Rfe8 14.Bg2 Rad8 15.O-O Qh5
16.Rfe1 f5 17.b4 a6 18.Qc2 g5 19.h3 Bc8 20.Na4 Nxa4 21.Qxa4 f4 22.g4 Qh4
23.exf4 gxf4 24.Qb3 h5 25.gxh5 Qxh5 26.Kf1 Re6 27.d5 cxd5 28.Qxd5 Re5 29.Rxc8 Rxd5
30.Rxd8+ Kg7 31.Nxf4 Qg5 32.Ree8 Rd1+ 33.Ke2 Qxf4 34.Kxd1 Qd4+ 35.Ke2 Qb2+  1/2-1/2

[Event "ch-BUL Seniors"]
[Site "Sofia BUL"]
[Date "2011.05.17"]
[Round "5.1"]
[White "Vachev,V"]
[Black "Orev,P"]
[Result "1/2-1/2"]
[WhiteElo "2149"]
[BlackElo "2224"]

1.d4 Nf6 2.Bg5 c5 3.d5 Qa5+ 4.Bd2 Qc7 5.c4 e5 6.Nc3 d6 7.e4 Be7 8.Be2 Nbd7
9.Qc2 a6 10.a4 Nf8 11.g3 h6 12.h4 Bd7 13.Bf1 N8h7 14.Bh3 Bd8 15.a5 O-O 16.Bxd7 Qxd7
17.Qd1 Ng4 18.f3 Ngf6 19.Nce2 h5 20.Nc3 Be7 21.Qa4 Qc8 22.Qc2 Ne8 23.Ra3 Bd8
24.Nh3 g6 25.Bh6 Ng7 26.Ng5 Re8 27.Qg2 f6 28.Nh3 f5 29.Bxg7 Kxg7 30.Nf2 Nf6
31.Qh3 Rb8 32.b3  1/2-1/2

[Event "20th Croatian Cup"]
[Site "Sibenik CRO"]
[Date "2011.05.18"]
[Round "1.42"]
[White "Medancic,R"]
[Black "Cvitan,O"]
[Result "1/2-1/2"]
[WhiteElo "2259"]
[BlackElo "2498"]

1.d4 Nf6 2.Bg5 d5 3.Nd2 c6 4.e3 Bf5 5.Bd3 Bg6 6.Ne2 Nbd7 7.Nf4 e5 8.Nxg6 hxg6
9.dxe5 Nxe5 10.Be2 Qc7 11.h3 Bd6 12.c3 Ned7 13.Bxf6 Nxf6 14.Qc2 O-O-O 15.O-O-O  1/2-1/2

[Event "Serbian Cup 2011"]
[Site "Valjevo SRB"]
[Date "2011.05.18"]
[Round "3.5"]
[White "Indjic,A"]
[Black "Cvetanovic,U"]
[Result "0-1"]
[WhiteElo "2323"]
[BlackElo "2231"]

1.d4 Nf6 2.Bg5 c5 3.Bxf6 exf6 4.e3 cxd4 5.exd4 Qb6 6.Nd2 Qxb2 7.Rb1 Qxd4
8.Ngf3 Qf4 9.Bc4 Be7 10.O-O O-O 11.Re1 Bc5 12.Re4 Qc7 13.Qe2 Nc6 14.Rh4 d6
15.Ne4 Bf5 16.Qd3 Bg6 17.Rg4 Kh8 18.Rxg6 fxg6 19.Bd5 Nb4 20.Rxb4 Bxb4 21.Nh4 Qd7
22.Qb3 Qg4 23.Nf3 Bc5 24.h3 Qf4 25.g3 Qc1+ 26.Kg2 Rae8 27.Qc4 Qd1 28.Bxb7 Rb8
29.Bd5 Rb1 30.g4 Qh1+ 31.Kg3 f5 32.gxf5 Rxf5 33.Nxc5 Rg1+ 34.Nxg1 Qxg1+ 35.Bg2 Qxf2+
36.Kh2 Qxc5 37.Qd3 h5 38.c4 Qe5+  0-1

[Event "1st Alimini Village Open"]
[Site "Otranto ITA"]
[Date "2011.05.21"]
[Round "1"]
[White "Brunello,S"]
[Black "Brunello,M"]
[Result "1-0"]
[WhiteElo "2537"]
[BlackElo "2177"]

1.d4 Nf6 2.Bg5 d5 3.Bxf6 exf6 4.g3 Bd6 5.Bg2 Be6 6.c4 c6 7.cxd5 cxd5 8.Nc3 O-O
9.e3 Nc6 10.Nge2 Qb6 11.O-O Ne7 12.Na4 Qa5 13.a3 b5 14.Nc5 Bxc5 15.dxc5 b4
16.Qc2 Rac8 17.Rfc1 Rc7 18.Nd4 Rfc8 19.Qd2 Rxc5 20.Rxc5 Qxc5 21.axb4 Qb6
22.b5 Qc5 23.Bf1 Rc7 24.Ra6 Bc8 25.Nb3 Qc2 26.Qxc2 Rxc2 27.Rxa7 Kf8 28.Nd4 Rxb2
29.Nc6 Nxc6 30.bxc6 Be6 31.h4 Rc2 32.Bb5 Rc1+ 33.Kg2 g6 34.f3 Rc3 35.Kf2 Rc1
36.Ke2 h5 37.Kd3 Re1 38.Kd2 Rb1 39.Rb7 Rb3 40.Bd3 Ra3 41.Rb8+ Kg7 42.c7 Ra2+
43.Bc2 f5 44.f4 Ra7 45.c8=Q Bxc8 46.Rxc8 Rd7 47.Kd3 Kf6 48.Rc6+ Kg7 49.Bb3 Kf8
50.Kd4 Kg7 51.Bxd5 Re7 52.Rb6 Ra7 53.Rb7  1-0

[Event "Serbian Cup 2011"]
[Site "Valjevo SRB"]
[Date "2011.05.22"]
[Round "7.1"]
[White "Miladinovic,I"]
[Black "Solak,D"]
[Result "0-1"]
[WhiteElo "2561"]
[BlackElo "2588"]

1.d4 Nf6 2.Bg5 d5 3.e3 c5 4.Nc3 Nc6 5.dxc5 e6 6.Nf3 Bxc5 7.Bd3 h6 8.Bh4 g5
9.Bg3 Nh5 10.Be5 Nxe5 11.Nxe5 Nf6 12.h4 Bd6 13.Bb5+ Ke7 14.Qd4 a6 15.hxg5 hxg5
16.Rxh8 Qxh8 17.Bf1 Bd7 18.O-O-O Rc8 19.Nxd7 Nxd7 20.Qxh8 Rxh8 21.e4 dxe4
22.Nxe4 Bf4+ 23.Kb1 f5 24.Nc3 Be5 25.Ne2 Nf6 26.Nc1 Ng4 27.Nd3 Bd4 28.Be2 Nxf2
29.Nxf2 Bxf2 30.Bf3 b6 31.b4 g4 32.Bc6 f4 33.Rd2 Be3 34.Rd3 Kf6 35.Kb2 Kg5
36.Rd7 Kh4 37.Kb3 Kg3 38.Rg7 Bd4 39.Rg6 Rc8 40.b5 axb5 41.Bd7 Rc3+ 42.Kb4 Rxc2
43.Kxb5 Rxg2 44.Bxe6 Kh4 45.Kc4 Bc5 46.a4 f3 47.Bd5 Rg1  0-1

[Event "Nis Open 2011"]
[Site "Nis SRB"]
[Date "2011.05.25"]
[Round "2.6"]
[White "Kajganovic,M"]
[Black "Mladenovic,St"]
[Result "1/2-1/2"]
[WhiteElo "2253"]
[BlackElo "2124"]

1.d4 Nf6 2.Bg5 d5 3.e3 e6 4.Nd2 c5 5.c3 h6 6.Bh4 Nbd7 7.Ngf3 Bd6 8.Bd3 O-O
9.e4 cxd4 10.Bxf6 Qxf6 11.cxd4 dxe4 12.Nxe4 Bb4+ 13.Kf1 Qe7 14.Qe2 Rd8 15.h4 Nf6
16.h5 b6 17.Nxf6+ Qxf6 18.Qe4 Rb8 19.Rc1 Qf5 20.Qe3 Qd5 21.Bc4 Qa5 22.Ne5 Bd2
23.Qf3 Rf8 24.Rd1 Bg5 25.Nc6 Bb7 26.Nxa5 Bxf3 27.gxf3 bxa5 28.b3 a4 29.Ke2 axb3
30.axb3 Rfe8 31.Ra1 Re7 32.Rhd1 Rd8 33.Ra4 Bf6 34.Ke3 Red7 35.Be2 Rd5 36.f4 a5
37.Rd3 g6 38.Bf3 Rb5 39.hxg6 fxg6 40.Bg4 Kf7 41.Rc4 Rd6 42.Rc7+ Be7 43.Rdc3 Rbd5
44.R3c4 Rd7 45.Rxd7 Rxd7 46.Rc6 Rd6 47.Rc7 h5 48.Be2 Kf6 49.Rc5 Rb6 50.Rb5  1/2-1/2

[Event "1st Alimini Village Open"]
[Site "Alimini ITA"]
[Date "2011.05.26"]
[Round "7"]
[White "Shytaj,L"]
[Black "Codenotti,M"]
[Result "1-0"]
[WhiteElo "2494"]
[BlackElo "2284"]

1.d4 Nf6 2.Bg5 d5 3.e3 g6 4.Bxf6 exf6 5.c4 dxc4 6.Bxc4 c6 7.Nc3 Nd7 8.Nf3 Bd6
9.O-O f5 10.a4 O-O 11.a5 Nf6 12.Qb3 Qe7 13.d5 cxd5 14.Nxd5 Nxd5 15.Bxd5 Rb8
16.Rfd1 Rd8 17.h4 Be6 18.Bxe6 Qxe6 19.Qxe6 fxe6 20.Ng5 e5 21.a6 bxa6 22.Ne6 Rd7
23.Rxa6 Rb6 24.Rxb6 axb6 25.e4 h6 26.h5 Kf7 27.Nc7 gxh5 28.exf5 Rxc7 29.Rxd6 Rc1+
30.Kh2 Rc2 31.f3 Rxb2 32.Rxh6 b5 33.Kh3 Rb1 34.Kh4 Rg1 35.Kg3 Rb1 36.Rb6 b4
37.Kh4 b3 38.Kxh5 b2 39.Kg5  1-0

[Event "XXX Zalakaros Open"]
[Site "Zalakaros HUN"]
[Date "2011.05.26"]
[Round "7"]
[White "Hrbolka,L sr"]
[Black "Pergel,L"]
[Result "1/2-1/2"]
[WhiteElo "2111"]
[BlackElo "2270"]

1.d4 Nf6 2.Bg5 d5 3.Bxf6 exf6 4.e3 Bd6 5.Nf3 O-O 6.Be2 Re8 7.c4 dxc4 8.Bxc4 a6
9.O-O b5 10.Bd3 Bb7 11.Nbd2 Nd7 12.Qc2 g6 13.Be4  1/2-1/2

[Event "Chinese League"]
[Site "Chengdu CHN"]
[Date "2011.05.27"]
[Round "5"]
[White "Pham Le Thao Nguyen"]
[Black "Gu Xiaobing"]
[Result "1-0"]
[WhiteElo "2349"]
[BlackElo "2369"]

1.d4 Nf6 2.Bg5 c5 3.Bxf6 gxf6 4.d5 Qb6 5.Qc1 Bh6 6.e3 f5 7.Nd2 d6 8.Bd3 Rg8
9.Ne2 Rxg2 10.Ng3 f4 11.Nc4 Qa6 12.exf4 b5 13.Be4 Bh3 14.Qe3 bxc4 15.Bxg2 Bxg2
16.Nf5 Bf8 17.Rg1 Bxd5 18.Rg8 Nc6 19.Rd1 O-O-O 20.Rxd5 e6 21.Rxd6 Bxd6 22.Nxd6+ Kd7
23.Rxd8+ Nxd8 24.Ne4 Nb7 25.Qxc5 Qa5+ 26.Qxa5 Nxa5 27.Kd2 h6 28.Kc3 e5 29.fxe5 Ke6
30.Nd6 Nc6 31.Nxc4 Kf5 32.b4 Kg4 33.b5 Nd8 34.a4 Kh3 35.a5 Kxh2 36.a6 Ne6
37.b6 axb6 38.a7 Nc7 39.Kd3 h5 40.Ke2 Kg1 41.Nd2 Kg2 42.Nf3 b5 43.Ne1+ Kh3
44.Kf3 h4 45.Ng2 b4 46.Nf4+ Kh2 47.Kg4 Kg1 48.Nh3+ Kf1 49.f4 Ke2 50.f5 Kd2
51.e6 fxe6 52.f6 Kxc2 53.f7 b3 54.f8=Q b2 55.Qc5+ Kd2 56.Qd4+ Kc2 57.Qc4+ Kd2
58.Qb3 Kc1 59.Qc3+  1-0

[Event "Nis Open 2011"]
[Site "Nis SRB"]
[Date "2011.05.27"]
[Round "4.8"]
[White "Djukic,Sa"]
[Black "Mladenovic,St"]
[Result "1-0"]
[WhiteElo "2202"]
[BlackElo "2124"]

1.d4 Nf6 2.Bg5 d5 3.Nf3 e6 4.e3 Bd6 5.Be2 Nbd7 6.O-O c5 7.c4 h6 8.Bh4 cxd4
9.cxd5 g5 10.dxe6 fxe6 11.Bg3 Bxg3 12.fxg3 dxe3 13.Nd4 Nc5 14.Bh5+ Ke7 15.Rxf6 Kxf6
16.Qf3+ Ke5 17.Qxe3+ Kd6 18.Nc3 Ke7 19.Qe5 Rf8 20.Qxc5+ Kf6 21.Rd1 Bd7 22.Nxe6 Bxe6
23.Rxd8 Raxd8 24.Ne4+ Kg7 25.Qe5+  1-0

[Event "84th ch-St Petersburg"]
[Site "St Petersburg RUS"]
[Date "2011.05.27"]
[Round "7"]
[White "Shimanov,A"]
[Black "Malakhov,I"]
[Result "1-0"]
[WhiteElo "2583"]
[BlackElo "2449"]

1.d4 Nf6 2.Bg5 d5 3.Nd2 e6 4.e3 Be7 5.Bd3 O-O 6.f4 c5 7.c3 b6 8.Qf3 Ba6 9.Bc2 h6
10.Bxf6 Bxf6 11.Qh5 cxd4 12.exd4 Qc7 13.Ne2 Nc6 14.Rc1 Bxe2 15.Kxe2 Qxf4
16.Rcf1 Qh4 17.Qf3 Bd8 18.g3 Qe7 19.Qd3 g6 20.h4 e5 21.Kd1 e4 22.Qb5 Qe6
23.Bb3 Ne7 24.Rf4 Qd6 25.Rhf1 a6 26.Rxf7 Nf5 27.Rxf8+ Qxf8 28.Qxd5+ Kh8 29.Qxa8 Ne3+
30.Ke2 Nxf1 31.Nxf1  1-0

[Event "Zonal 3.3"]
[Site "Tagaytay City PHI"]
[Date "2011.05.27"]
[Round "5"]
[White "Nguyen Huynh Minh Huy"]
[Black "Legaspi,R"]
[Result "1-0"]
[WhiteElo "2464"]
[BlackElo "2329"]

1.d4 Nf6 2.Bg5 d5 3.e3 g6 4.Nd2 Bg7 5.Bd3 c5 6.c3 O-O 7.f4 Nc6 8.Ngf3 Qb6
9.Bxf6 exf6 10.Qb3 Qc7 11.Qc2 Re8 12.Kf2 c4 13.Be2 Bf5 14.Qc1 b5 15.Nf1 Bf8
16.Ng3 Bd7 17.a3 a5 18.Nd2 b4 19.Bf3 bxc3 20.bxc3 Qd6 21.a4 h5 22.Re1 h4
23.Ngf1 Rab8 24.Ra2 Bf5 25.g3 Bd3 26.Be2 Bxe2 27.Rxe2 hxg3+ 28.hxg3 Qd7 29.e4 dxe4
30.Nxe4 Bg7 31.Qe1 Nxd4 32.cxd4 f5 33.Ng5 Bxd4+ 34.Kg2 Qc6+ 35.Nf3 c3 36.Rxe8+ Rxe8
37.Qd1 Bf6 38.Qd3 Rb8 39.Kf2 Rb2+ 40.Rxb2 cxb2 41.Qb3 Qc1 42.N3d2 Qc5+ 43.Ke2 Qe7+
44.Kd1 Qc5 45.Ne3 Bc3 46.Nef1 Bf6 47.Qd3 Qc1+ 48.Ke2 Qc6 49.Qb3 Qg2+ 50.Kd3 Qf2
51.Qa2 Qe1 52.Qb1 Qe8 53.Qc2 Qe1 54.Qb3 Qf2 55.Qd1 Qc5 56.Ne3 Qc3+ 57.Ke2 Bd4
58.Nef1 Bf6 59.Qb1 Qc6 60.Qa2 Qg2+ 61.Kd3 Qf2 62.Qb3 Qe1 63.Qc2 Qf2 64.Qd1 Qc5
65.Ke2 Qc3 66.Qb1 Qc6 67.Qa2 Qg2+ 68.Kd1 Qc6 69.Qb3 Qc1+ 70.Ke2 Bd4 71.Qd3 Bf6
72.Ne3 Qg1 73.Nec4 Qg2+ 74.Kd1 Qg1+ 75.Kc2 Qc1+ 76.Kb3 Qd1+ 77.Qc2 Qe1 78.Nxb2 Qxg3+
79.Nd3 Qe3 80.Nc4 Qe6 81.Qd2 Qd5 82.Nb2 Qe6 83.Nd1 Qc6 84.Nxa5 Qb6+ 85.Ka2 Qa6
86.Nb2 g5 87.fxg5 Be5 88.Nac4 Bc7 89.Qd7  1-0

[Event "Zonal 3.3"]
[Site "Tagaytay City PHI"]
[Date "2011.05.27"]
[Round "6"]
[White "Torre,E"]
[Black "Laylo,D"]
[Result "1/2-1/2"]
[WhiteElo "2495"]
[BlackElo "2516"]

1.d4 Nf6 2.Bg5 d5 3.e3 g6 4.Bxf6 exf6 5.c4 dxc4 6.Bxc4 Bd6 7.Nc3 Nd7 8.Qf3 c6
9.Nge2 Qe7 10.e4 Nb6 11.Bb3 a5 12.a3 O-O 13.O-O Be6 14.d5 Bd7 15.Rad1 a4
16.Ba2 cxd5 17.Bxd5 Bc6 18.Nf4 Kg7 19.g3 Rfd8 20.Rd2 Rd7 21.Rfd1 Rad8 22.Ba2 Bxf4
23.Qxf4 Qc5 24.Rxd7 Rxd7 25.Rxd7 Nxd7 26.Bd5 Ne5 27.Bxc6 Qxc6 28.Nd5 h5 29.Kg2 b5
30.Qd2 Qc4 31.Qf4 Qc6 32.Qd2 Qc4  1/2-1/2

[Event "Nis Open 2011"]
[Site "Nis SRB"]
[Date "2011.05.30"]
[Round "6.8"]
[White "Kajganovic,M"]
[Black "Milovanovic,Srb"]
[Result "1-0"]
[WhiteElo "2253"]
[BlackElo "2192"]

1.d4 Nf6 2.Bg5 c5 3.dxc5 e6 4.Nd2 Bxc5 5.e3 d5 6.Ngf3 O-O 7.c4 Be7 8.Qc2 Nbd7
9.Be2 h6 10.Bh4 a6 11.O-O Re8 12.Rfd1 b6 13.e4 Nxe4 14.Nxe4 dxe4 15.Qxe4 Ra7
16.Bg3 Bb7 17.Qe3 Bxf3 18.Qxf3 Qc8 19.Bf4 Rd8 20.Qg3 Kf8 21.Be3 Bc5 22.Bd2 Nf6
23.Qh4 Rd4 24.Qh3 Rad7 25.Bc3 Rxd1+ 26.Bxd1 Ne4 27.Be1 Qd8 28.Qg4 Rd4 29.Qe2 a5
30.a3 Nd2 31.b3 Kg8 32.Kh1 Qd6 33.f3 e5 34.Bg3 f6 35.Bf2 Rd3 36.Bc2 Nxb3
37.Bxc5 bxc5 38.Rb1 Rd2 39.Qe4 a4 40.h3 Qd4 41.Qg6 Kf8 42.Qh7 Qxc4 43.Be4 Qe6
44.Bf5 Qg8 45.Qg6 Qf7 46.Qg3 Qd5 47.Be4 Rd1+ 48.Kh2 Qd4 49.Rxd1 Qxd1 50.Qg4 Qd2
51.Qc8+ Ke7 52.Qc7+ Qd7 53.Qb6 f5 54.Bc6 Qd6 55.Qb7+ Kf6 56.Bd5 e4+ 57.Kh1 exf3
58.Qf7+ Ke5 59.Bxf3 g5 60.Qe8+ Kf4 61.Qxa4+ Nd4 62.Qd1 c4 63.Qc1+ Ke5 64.Qxc4 Nxf3
65.Qe2+ Kf6 66.Qxf3 Qd4 67.Qc6+ Kg7 68.a4 f4 69.Qc7+ Kg6 70.a5 Kh5 71.Qf7+ Kh4
72.Qe6 f3 73.gxf3 Qd1+ 74.Kg2 Qd2+ 75.Kf1 Qd3+ 76.Qe2 Qa3 77.a6 Qa5 78.Qe1+  1-0